Antique trader American & European art pottery price guide / (Record no. 17998)

000 -LEADER
fixed length control field 01714cam a22003854a 4500
001 - CONTROL NUMBER
control field 12577569
008 - FIXED-LENGTH DATA ELEMENTS--GENERAL INFORMATION
fixed length control field 011101s2002 wiua b 001 0 eng
010 ## - LIBRARY OF CONGRESS CONTROL NUMBER
LC control number 2001097825
020 ## - INTERNATIONAL STANDARD BOOK NUMBER
International Standard Book Number 0873494059
050 00 - LIBRARY OF CONGRESS CALL NUMBER
Classification number NK4007 .A56 2002
245 00 - TITLE STATEMENT
Title Antique trader American & European art pottery price guide /
Statement of responsibility, etc. edited by Kyle Husfloen.
246 3# - VARYING FORM OF TITLE
Title proper/short title Antique trader American and European art pottery price guide
246 18 - VARYING FORM OF TITLE
Title proper/short title American & European art pottery price guide
246 3# - VARYING FORM OF TITLE
Title proper/short title American and European art pottery price guide
246 30 - VARYING FORM OF TITLE
Title proper/short title Art pottery
250 ## - EDITION STATEMENT
Edition statement 2nd ed.
260 ## - PUBLICATION, DISTRIBUTION, ETC. (IMPRINT)
Place of publication, distribution, etc. Iola, WI :
Name of publisher, distributor, etc. Krause Publications,
Date of publication, distribution, etc. c2002.
300 ## - PHYSICAL DESCRIPTION
Extent 304 p. :
Other physical details ill. (some col.) ;
Dimensions 23 cm.
500 ## - GENERAL NOTE
General note Updated ed. of: Antique trader books American & European art pottery, price guide, c1995.
504 ## - BIBLIOGRAPHY, ETC. NOTE
Bibliography, etc Includes bibliographical references (p. 303) and index.
650 #0 - SUBJECT ADDED ENTRY--TOPICAL TERM
Topical term or geographic name as entry element Art pottery, American
Chronological subdivision 19th century
Form subdivision Catalogs.
650 #0 - SUBJECT ADDED ENTRY--TOPICAL TERM
Topical term or geographic name as entry element Art pottery, American
Chronological subdivision 20th century
Form subdivision Catalogs.
650 #0 - SUBJECT ADDED ENTRY--TOPICAL TERM
Topical term or geographic name as entry element Art pottery, European
Chronological subdivision 19th century
Form subdivision Catalogs.
650 #0 - SUBJECT ADDED ENTRY--TOPICAL TERM
Topical term or geographic name as entry element Art pottery, European
Chronological subdivision 20th century
Form subdivision Catalogs.
700 1# - ADDED ENTRY--PERSONAL NAME
Personal name Husfloen, Kyle.
856 42 - ELECTRONIC LOCATION AND ACCESS
Materials specified Publisher description
Uniform Resource Identifier <a href="http://www.loc.gov/catdir/enhancements/fy1501/2001097825-d.html">http://www.loc.gov/catdir/enhancements/fy1501/2001097825-d.html</a>
942 ## - ADDED ENTRY ELEMENTS (KOHA)
Source of classification or shelving scheme
Koha item type Hard Covered Materials
Classification part NK4007 .A56 2002
Holdings
Withdrawn status Lost status Source of classification or shelving scheme Damaged status Not for loan Home library Current library Shelving location Date acquired Source of acquisition Total Checkouts Full call number Barcode Date last seen Price effective from Koha item type
          MACHAKOS UNIVERSITY LIBRARY MACHAKOS UNIVERSITY LIBRARY Open shelf 30/11/2016 Donation(BFA)   NK4007 .A56 2002 28598 30/11/2016 30/11/2016 Hard Covered Materials
© Machakos University Library, Along The Highway, Machakos Wote Rd, Machakos, Kenya P.O. Box 136 - 90100 Machakos - Kenya

Tel: ( +254 ) 723 805829 OR Fax : 044-20353 OR Email: library@mksu.ac.ke